<?xml-stylesheet type="text/xsl" href="MARC21slim2English.xsl"?>
<collection><record><leader>02761nqca 2200505   4500</leader><controlfield tag="005">20040503144851.0</controlfield><controlfield tag="008">930816i18431843nz |||||      |00 ||||| d</controlfield><datafield ind1=" " ind2=" " tag="016"><subfield code="a">urn:nbn:nz:wtu:A-208-002</subfield></datafield><datafield ind1="8" ind2=" " tag="024"><subfield code="a">hdl:1727.11/20342</subfield></datafield><datafield ind1=" " ind2=" " tag="035"><subfield code="9">tap:94251</subfield></datafield><datafield ind1=" " ind2=" " tag="040"><subfield code="a">WTU</subfield></datafield><datafield ind1=" " ind2=" " tag="040"><subfield code="e">rad</subfield></datafield><datafield ind1=" " ind2=" " tag="084"><subfield code="a">A-208-002</subfield></datafield><datafield ind1=" " ind2=" " tag="084"><subfield code="b">iid:20342</subfield></datafield><datafield ind1="0" ind2="0" tag="245"><subfield code="a">[Ashworth, Edward]  1814-1896 :[Church Missionary Station, Mr Ashwell-Pepepe (paypaypay) on the Waikato River New Zealand.  [1843] Architecture New Zealandic, 3 or 4 feet high to the eaves.</subfield><subfield code="n">A-208-002</subfield></datafield><datafield ind1=" " ind2=" " tag="300"><subfield code="a">1 watercolour(s)</subfield></datafield><datafield ind1=" " ind2=" " tag="300"><subfield code="b">Watercolour  235 x 153 mm</subfield></datafield><datafield ind1=" " ind2=" " tag="340"><subfield code="a">Single art work</subfield></datafield><datafield ind1=" " ind2=" " tag="351"><subfield code="c">Collection</subfield></datafield><datafield ind1=" " ind2=" " tag="500"><subfield code="a">Probably sketched on Ashworth's trip up the Waikato and Waipa rivers in December 1843.</subfield></datafield><datafield ind1=" " ind2=" " tag="506"><subfield code="a">Not restricted</subfield></datafield><datafield ind1="8" ind2=" " tag="520"><subfield code="a">Shows the Rev. B. Y. Ashwell's first Mission Station, at Pepepe or Taupiri, located beside the Waikato River.  There are high, bush-clad hills behind the house which has a fenced garden.  A canoe is close to the station on the river.  There is a cabbage tree in the right foreground.  In the upper left portion of the view is A-208-003 "Architecture New Zealandic" a sepia sketch of the front and interior of a Maori wharenui or meeting house.</subfield></datafield><datafield ind1=" " ind2=" " tag="533"><subfield code="a">File Print</subfield><subfield code="n">In Drawings &amp; Prints under Artist/Title </subfield><subfield code="f">(DFP-002527)</subfield></datafield><datafield ind1=" " ind2=" " tag="533"><subfield code="a">File Print</subfield><subfield code="n">In Drawings &amp; Prints under Artist/Title </subfield><subfield code="f">(DFP-002528)</subfield></datafield><datafield ind1=" " ind2=" " tag="545"><subfield code="a">Sketched on Ashworth's trip up the Waikato and Waipa Rivers in December 1843.</subfield></datafield><datafield ind1=" " ind2=" " tag="561"><subfield code="a">Purchased Sotheby's auction, London, 1966</subfield></datafield><datafield ind1=" " ind2=" " tag="580"><subfield code="a">COLLECTION</subfield></datafield><datafield ind1=" " ind2=" " tag="580"><subfield code="a">ISSUABLE Item</subfield></datafield><datafield ind1="1" ind2=" " tag="600"><subfield code="a">Ashwell, Benjamin Yate, 1810-1883</subfield><subfield code="e"> (as a related subject)</subfield><subfield code="3">tap:186286</subfield></datafield><datafield ind1="2" ind2=" " tag="610"><subfield code="a">Church Missionary Society</subfield><subfield code="e"> (as a related subject)</subfield><subfield code="3">tap:375</subfield></datafield><datafield ind1="2" ind2=" " tag="648"><subfield code="a">1843</subfield></datafield><datafield ind1=" " ind2="4" tag="650"><subfield code="a">Mission stations - New Zealand - Waikato Region</subfield><subfield code="3">tap:186287</subfield></datafield><datafield ind1=" " ind2="4" tag="650"><subfield code="a">Cabbage trees</subfield><subfield code="3">tap:85579</subfield></datafield><datafield ind1=" " ind2="4" tag="650"><subfield code="a">Gardens - New Zealand - Waikato Region</subfield><subfield code="3">tap:794627</subfield></datafield><datafield ind1=" " ind2="4" tag="650"><subfield code="a">Dwellings - New Zealand - Waikato Region</subfield><subfield code="3">tap:116164</subfield></datafield><datafield ind1=" " ind2="4" tag="650"><subfield code="a">Maori - Dwellings</subfield><subfield code="3">tap:7778</subfield></datafield><datafield ind1=" " ind2="4" tag="651"><subfield code="a">Taupiri</subfield><subfield code="3">tap:90900</subfield></datafield><datafield ind1=" " ind2="4" tag="651"><subfield code="a">Waikato River</subfield><subfield code="3">tap:70621</subfield></datafield><datafield ind1=" " ind2="4" tag="655"><subfield code="a">Watercolours</subfield><subfield code="3">tap:67708</subfield></datafield><datafield ind1="1" ind2=" " tag="700"><subfield code="a">Ashworth, Edward, 1814-1896</subfield><subfield code="e"> (as the artist)</subfield><subfield code="3">tap:19940</subfield></datafield><datafield ind1=" " ind2=" " tag="850"><subfield code="a">Alexander Turnbull Library, Wellington, New Zealand</subfield></datafield><datafield ind1="8" ind2=" " tag="852"><subfield code="b">Drawings and Prints Collection</subfield><subfield code="h">A-208-002</subfield></datafield><datafield ind1="4" ind2="1" tag="856"><subfield code="u">http://digital.natlib.govt.nz/get/20342?profile=thumb</subfield><subfield code="x">Thumbnail</subfield><subfield code="y">Thumbnail for resource</subfield></datafield><datafield ind1="4" ind2="1" tag="856"><subfield code="u">http://digital.natlib.govt.nz/get/20342?profile=access</subfield><subfield code="x">AccessFormat</subfield><subfield code="y">Link to electronic resource</subfield></datafield><datafield ind1="4" ind2="1" tag="856"><subfield code="u">http://digital.natlib.govt.nz/get/20342?role=PM</subfield><subfield code="x">Preservation</subfield><subfield code="y">Link to preservation copy [restricted access]</subfield></datafield></record></collection>